[Event "Kinross USSA op"]
[Site "Kinross"]
[Date "2018.07.06"]
[Round "8"]
[White "Mamabolo, Mahlatse"]
[Black "McInnes, Andrew"]
[Result "0-1"]
[WhiteElo "1507"]
[BlackElo "1699"]
[PlyCount "90"]
[EventDate "2018.07.02"]
[EventType "swiss"]
[EventRounds "9"]
[EventCountry "RSA"]
[SourceTitle "CBM 185 Extra"]
[Source "ChessBase"]
[SourceDate "2018.07.29"]
[SourceVersion "1"]
[SourceVersionDate "2018.07.29"]
[SourceQuality "1"]

1. e4 c6 2. d4 d5 3. exd5 cxd5 4. Bd3 Nc6 5. c3 Nf6 6. h3 e6 7. Nf3 Bd6 8. Bg5 Bd7 9. Qb3 Qc7 10. Nbd2 a6 11. c4 Na5 12. Qc2 dxc4 13. Nxc4 Nxc4 14. Bxc4 Bb4+ 15. Bd2 Bxd2+ 16. Nxd2 Bc6 17. 0-0 Rd8 18. Qc3 Nd5 19. Bxd5 Rxd5 20. Nf3 0-0 21. Ne5 Rfd8 22. Rac1 R8d6 23. Rfd1 Qd8 24. Qb3 Rb5 25. Qc2 Qg5 26. Nxc6 Rxc6 27. Qb1 Rxc1 28. Qxc1 Qd8 29. Rd3 h6 30. Rc3 Qxd4 31. Qc2 g6 32. Rd3 Qb6 33. Qc8+ Kg7 34. Rd8 Rc5 35. Rg8+ Kf6 36. Qf8 Rc1+ 37. Kh2 Qxf2 38. Qxh6 Qg1+ 39. Kg3 Qe1+ 40. Kf3 Qd1+ 41. Kf2 Rc2+ 42. Kg3 Qd6+ 43. Kg4 Rxg2+ 44. Kf3 Qd5+ 45. Ke3 Qd2+ 0-1

[Event "Kinross USSA op"]
[Site "Kinross"]
[Date "2018.07.05"]
[Round "7"]
[White "De Abreu, Roberto N"]
[Black "Mamabolo, Mahlatse"]
[Result "1-0"]
[WhiteElo "2107"]
[BlackElo "1507"]
[PlyCount "35"]
[EventDate "2018.07.02"]
[EventType "swiss"]
[EventRounds "9"]
[EventCountry "RSA"]
[SourceTitle "CBM 185 Extra"]
[Source "ChessBase"]
[SourceDate "2018.07.29"]
[SourceVersion "1"]
[SourceVersionDate "2018.07.29"]
[SourceQuality "1"]

1. d4 d5 2. c4 c6 3. Nf3 Bg4 4. Ne5 Bh5 5. cxd5 Qxd5 6. Nc3 Qd8 7. g4 Bg6 8. h4 f6 9. Nxg6 hxg6 10. Qc2 Qxd4 11. Qxg6+ Kd8 12. Be3 Qc4 13. 0-0-0+ Nd7 14. Rd4 Qe6 15. g5 Kc7 16. Bh3 Ne5 17. Bxe6 Nxg6 18. Rd7+ 1-0

[Event "Witwatersrand op"]
[Site "Witwatersrand"]
[Date "2017.07.06"]
[Round "6.12"]
[White "Mamabolo, Mahlatse"]
[Black "Roberts, Marcel Jude"]
[Result "0-1"]
[WhiteElo "1342"]
[BlackElo "1876"]
[PlyCount "107"]
[EventDate "2017.07.03"]
[EventType "swiss"]
[EventRounds "9"]
[EventCountry "RSA"]
[SourceTitle "EXT 2018"]
[Source "ChessBase"]
[SourceDate "2017.10.13"]
[SourceVersion "1"]
[SourceVersionDate "2017.10.13"]
[SourceQuality "1"]

1. c4 e5 2. g3 Nc6 3. Bg2 g6 4. Nc3 Bg7 5. Nf3 Nge7 6. 0-0 0-0 7. b3 d6 8. Bb2 h6 9. Rc1 Be6 10. e3 f5 11. d4 e4 12. d5 exf3 13. Bxf3 Bd7 14. dxc6 bxc6 15. Qc2 g5 16. Ne2 Ng6 17. Bxg7 Kxg7 18. Bg2 Rb8 19. Nd4 c5 20. Nc6 Bxc6 21. Bxc6 Qf6 22. Bg2 Rbe8 23. Rfe1 h5 24. Qc3 Qxc3 25. Rxc3 f4 26. e4 Ne5 27. f3 Rb8 28. Kf2 a5 29. gxf4 Rxf4 30. h3 Rbf8 31. Kg3 h4+ 32. Kf2 g4 33. hxg4 Rxg4 34. Bh3 Rgf4 35. Bf5 Kf6 36. Rg1 Rh8 37. Bh3 Rf8 38. Bf5 Rb8 39. Bg4 Nxg4+ 40. Rxg4 Rxg4 41. fxg4 Kg5 42. Kg2 Kxg4 43. Rf3 Re8 44. Rf7 Rxe4 45. Rg7+ Kf4 46. Kf2 Rd4 47. Ke2 h3 48. Kf2 Rd2+ 49. Kg1 Rg2+ 50. Rxg2 hxg2 51. Kxg2 Ke3 52. Kf1 Kd3 53. a3 Kc3 54. Kg2 0-1

[Event "Witwatersrand op"]
[Site "Witwatersrand"]
[Date "2017.07.05"]
[Round "5.9"]
[White "Samuel, Caleb"]
[Black "Mamabolo, Mahlatse"]
[Result "1-0"]
[WhiteElo "1668"]
[BlackElo "1342"]
[PlyCount "53"]
[EventDate "2017.07.03"]
[EventType "swiss"]
[EventRounds "9"]
[EventCountry "RSA"]
[SourceTitle "EXT 2018"]
[Source "ChessBase"]
[SourceDate "2017.10.13"]
[SourceVersion "1"]
[SourceVersionDate "2017.10.13"]
[SourceQuality "1"]

1. e4 e5 2. Nf3 Nc6 3. Bc4 Nd4 4. c3 Nxf3+ 5. Qxf3 Nf6 6. d3 Be7 7. Nd2 c6 8. Qg3 0-0 9. 0-0 d5 10. Bb3 Bd6 11. h3 Nh5 12. Qf3 Nf4 13. exd5 Qh4 14. Ne4 cxd5 15. Nxd6 Bd7 16. Bxf4 exf4 17. d4 g5 18. Rfe1 Qh6 19. Nxf7 Kxf7 20. Qxd5+ Kg7 21. Qxd7+ Kh8 22. Re6 Qh5 23. Qc7 Rf5 24. Bc2 Rf7 25. Qe5+ Kg8 26. Re8+ Rxe8 27. Qxe8+ 1-0